[Event "60th Rubinstein Memorial"]
[Site "Polanica Zdroj POL"]
[Date "2024.08.17"]
[Round "1.1"]
[White "Duda, Jan-Krzysztof"]
[Black "Sarana, Alexey"]
[WhiteElo "2733"]
[BlackElo "2717"]
[Result "1/2-1/2"]
[EventDate "2024.08.17"]
[PlyCount "107"]
1.Nf3 d5 2.g3 g6 3.c4 dxc4 4.Na3 Bg7 5.Nxc4 Be6 6.Nce5 Nd7 7.Qa4 Nf6 8.Bg2 O-O 9.d4 Bd5 10.Nd3 Be4 11.Qa3 c6 12.O-O a5 13.Bg5 Nd5 14.Rad1 h6 15.Bc1 Qb6 16.Nfe5 Nxe5 17.Nxe5 Bxg2 18.Kxg2 Qb5 19.Qf3 Rad8 20.b3 a4 21.Ba3 axb3 22.axb3 Nb4 23.Qc3 Nd5 24.Qc4 Ra8 25.Ra1 Ra6 26.e4 Rfa8 27.exd5 Qxc4 28. bxc4 Bxe5 29.dxe5 Rxa3 30.Rxa3 Rxa3 31.d6 Kf8 32.c5 Ke8 33.Rc1 exd6 34. exd6 b5 35.cxb6 Kd7 36.Rb1 Ra8 37.Kf3 Kxd6 38.Ke4 Rb8 39.Kd4 c5+ 40.Kc4 Kc6 41.b7 Rxb7 42.Rxb7 Kxb7 43.Kxc5 Kc7 44.Kd5 Kd7 45.Ke5 Ke7 46.f3 f6+ 47.Kd5 Kd7 48.f4 f5 49.h3 Ke7 50.Ke5 Kf7 51.Kd6 Kf6 52.h4 h5 53.Kd7 Kf7 54.Kd6 1/2-1/2

[Event "60th Rubinstein Memorial"]
[Site "Polanica Zdroj POL"]
[Date "2024.08.17"]
[Round "1.2"]
[White "Wojtaszek, Radoslaw"]
[Black "Volokitin, Andrei"]
[WhiteElo "2680"]
[BlackElo "2667"]
[Result "1/2-1/2"]
[EventDate "2024.08.17"]
[PlyCount "66"]
1.d4 Nf6 2.c4 e6 3.Bf4 d5 4.cxd5 Nxd5 5.Bg3 c5 6.e4 Nf6 7.Nd2 Qxd4 8.Ngf3 Qd8 9.e5 Nd5 10.Bd3 a6 11.Qe2 b5 12.Rd1 c4 13.Bb1 Nd7 14.Ne4 Bb4+ 15.Kf1 Bb7 16.h4 Qb6 17.h5 h6 18.Rh4 O-O-O 19.Nd6+ Bxd6 20.exd6 Rhe8 21.Rhd4 N5f6 22.Ne5 Nxe5 23.Qxe5 Rd7 24.Bh4 Bd5 25.Bxf6 gxf6 26.Qxf6 Qxd6 27.Be4 Qh2 28.Bxd5 exd5 29.Qxa6+ Kc7 30.Qa7+ Kc6 31.Qa6+ Kc7 32.Qa7+ Kc6 33.Qa6+ Kc7 1/2-1/2

[Event "60th Rubinstein Memorial"]
[Site "Polanica Zdroj POL"]
[Date "2024.08.17"]
[Round "1.3"]
[White "Navara, David"]
[Black "Fedoseev, Vladimir"]
[WhiteElo "2674"]
[BlackElo "2687"]
[Result "1/2-1/2"]
[EventDate "2024.08.17"]
[PlyCount "100"]
1.d4 d5 2.c4 e6 3.Nc3 dxc4 4.e4 c5 5.d5 exd5 6.Nxd5 Nf6 7.Bxc4 Nxd5 8.Bxd5 Be7 9.Ne2 O-O 10.O-O Na6 11.Bf4 Qb6 12.Be5 Nb4 13.Nf4 Bf6 14.Bxf6 Qxf6 15. Qd2 Nxd5 16.Nxd5 Qh4 17.Qf4 Qxf4 18.Nxf4 Be6 19.Rfd1 Rad8 20.h4 g6 21.f3 b6 22.Kf2 Kg7 23.g4 h6 24.g5 Bc4 25.b3 Ba6 26.Ke3 Rh8 27.Nd5 Bc8 28.Rd2 hxg5 29.hxg5 Rh3 30.Rad1 Bg4 31.Rf1 Kf8 32.Rff2 Rd7 33.Kf4 Be6 34.Nf6 Rxd2 35.Rxd2 Ke7 36.Ng8+ Ke8 37.Nf6+ Ke7 38.Ng8+ Ke8 39.Rf2 f5 40.Nf6+ Ke7 41. exf5 Bxf5 42.Ke5 Kf7 43.Ng4 Bxg4 44.fxg4+ Kg7 45.Rf4 Rd3 46.Ra4 a5 47.Rf4 Rd2 48.Rf6 Re2+ 49.Kd5 Rd2+ 50.Ke5 Re2+ 1/2-1/2

[Event "60th Rubinstein Memorial"]
[Site "Polanica Zdroj POL"]
[Date "2024.08.17"]
[Round "1.5"]
[White "Harikrishna, Pentala"]
[Black "Shankland, Sam"]
[WhiteElo "2692"]
[BlackElo "2669"]
[Result "1/2-1/2"]
[EventDate "2024.08.17"]
[PlyCount "81"]
1.e4 c5 2.c3 d5 3.exd5 Qxd5 4.d4 Nf6 5.Nf3 e6 6.Nbd2 cxd4 7.Bc4 Qh5 8.cxd4 Nc6 9.O-O Bd6 10.h3 O-O 11.Be2 Qd5 12.Nc4 Bc7 13.Be3 b6 14.Nce5 Bb7 15.Rc1 Bxe5 16.dxe5 Qxd1 17.Rfxd1 Nd5 18.Bd2 Rfd8 19.a3 a5 20.h4 h6 21.h5 Nde7 22.g4 Ba6 23.Bxa6 Rxa6 24.Be3 Rxd1+ 25.Rxd1 Nd5 26.Rc1 Nce7 27.Bd2 Ra7 28. Kf1 Kf8 29.Ke2 Ke8 30.Nd4 Rc7 31.f4 Rxc1 32.Bxc1 Kd7 33.Kf3 f5 34.g5 Nc6 35.Nxc6 Kxc6 36.Bd2 Kd7 37.Be1 a4 38.Bf2 Ke8 39.g6 Kd7 40.Be1 Ke8 41.Bf2 1/2-1/2

[Event "60th Rubinstein Memorial"]
[Site "Polanica Zdroj POL"]
[Date "2024.08.18"]
[Round "2.2"]
[White "Shankland, Sam"]
[Black "Wojtaszek, Radoslaw"]
[WhiteElo "2669"]
[BlackElo "2680"]
[Result "1/2-1/2"]
[EventDate "2024.08.17"]
[PlyCount "76"]
1.e4 e5 2.Nf3 Nc6 3.Bc4 Nf6 4.d3 Bc5 5.c3 O-O 6.Nbd2 d6 7.b4 Bb6 8.a4 a6 9.O-O Ne7 10.Re1 Ng6 11.d4 exd4 12.cxd4 d5 13.exd5 Nxd5 14.Qb3 c6 15.Ne4 Bg4 16.Bb2 Bxf3 17.Qxf3 Bc7 18.b5 axb5 19.axb5 Rxa1 20.Rxa1 Nh4 21.Qb3 Re8 22.Qc2 Nf4 23.Bf1 Qd5 24.f3 Nf5 25.Ng5 Ne6 26.Re1 h6 27.Bc4 Qd6 28.g3 hxg5 29.Qxf5 Qb4 30.Rxe6 Rxe6 31.Bxe6 Qe1+ 32.Kg2 Qe2+ 33.Kh3 fxe6 34.Qxg5 Qxb2 35.Qe7 Qxb5 36.Qxc7 Qf5+ 37.Kg2 Qc2+ 38.Kh3 Qf5+ 1/2-1/2

[Event "60th Rubinstein Memorial"]
[Site "Polanica Zdroj POL"]
[Date "2024.08.18"]
[Round "2.3"]
[White "Fedoseev, Vladimir"]
[Black "Duda, Jan-Krzysztof"]
[WhiteElo "2687"]
[BlackElo "2733"]
[Result "1/2-1/2"]
[EventDate "2024.08.17"]
[PlyCount "127"]
1.d4 Nf6 2.c4 g6 3.Nc3 d5 4.cxd5 Nxd5 5.e4 Nxc3 6.bxc3 Bg7 7.Qa4+ Nd7 8. Nf3 O-O 9.Qa3 c5 10.Be2 cxd4 11.cxd4 Nf6 12.Qe3 b6 13.h3 Bb7 14.Bd3 Rc8 15.Bd2 e6 16.O-O Re8 17.Rab1 Re7 18.Rfd1 Rec7 19.a4 Bc6 20.a5 Nd7 21.Re1 bxa5 22.Bxa5 Nb6 23.Rxb6 axb6 24.Bxb6 Bb7 25.Bxc7 Qxc7 26.Rb1 Ba8 27.Qd2 Rd8 28.Rb4 Qa5 29.Qb2 Rc8 30.Rb8 Qc7 31.Rxc8+ Qxc8 32.h4 Qd8 33.Kf1 h5 34. Ke2 Bc6 35.g3 Qa8 36.Nd2 Qd8 37.Qc3 Bb7 38.Qb4 Qc7 39.f4 Bf8 40.Qb2 Qc6 41.Nf3 Ba6 42.Bxa6 Qxa6+ 43.Kf2 Qd3 44.Qe2 Qb3 45.Kg2 Bb4 46.Kh3 Qb1 47. Kh2 Qb3 48.Ng5 Be7 49.Kg2 Kg7 50.Nf3 Kf8 51.Ne5 Qc3 52.d5 exd5 53.exd5 Bd6 54.Nc4 Qd4 55.Nxd6 Qxd5+ 56.Ne4 f5 57.Kf3 Kf7 58.Qc2 Qxe4+ 59.Qxe4 fxe4+ 60.Kxe4 Ke6 61.Ke3 Kf5 62.Kf3 Kf6 63.g4 hxg4+ 64.Kxg4 1/2-1/2

[Event "60th Rubinstein Memorial"]
[Site "Polanica Zdroj POL"]
[Date "2024.08.18"]
[Round "2.4"]
[White "Bartel, Mateusz"]
[Black "Harikrishna, Pentala"]
[WhiteElo "2630"]
[BlackElo "2692"]
[Result "1/2-1/2"]
[EventDate "2024.08.17"]
[PlyCount "69"]
1.e4 c5 2.Nf3 Nc6 3.Bb5 e6 4.O-O Nge7 5.d4 cxd4 6.Nxd4 Qb6 7.Nxc6 bxc6 8. Bd3 Ng6 9.c4 Be7 10.Nc3 c5 11.f4 d6 12.Be3 Bf6 13.e5 dxe5 14.f5 exf5 15. Nd5 Qc6 16.Bxf5 Bxf5 17.Rxf5 Ne7 18.Nxe7 Bxe7 19.Rxe5 f6 20.Qd5 Rc8 21. Qxc6+ Rxc6 22.Rd5 a6 23.Rad1 Kf7 24.Rd7 Rhc8 25.Bf4 Ke8 26.Ra7 Re6 27.Kf2 Rd8 28.Re1 Rxe1 29.Kxe1 Rd4 30.Bd2 Re4+ 31.Kd1 Re6 32.a3 f5 33.b4 cxb4 34. axb4 g5 35.g3 1/2-1/2

[Event "60th Rubinstein Memorial"]
[Site "Polanica Zdroj POL"]
[Date "2024.08.18"]
[Round "2.5"]
[White "Volokitin, Andrei"]
[Black "Navara, David"]
[WhiteElo "2667"]
[BlackElo "2674"]
[Result "1/2-1/2"]
[EventDate "2024.08.17"]
[PlyCount "63"]
1.e4 e5 2.Nf3 Nc6 3.Bb5 Nf6 4.O-O Nxe4 5.d4 Nd6 6.Bxc6 dxc6 7.dxe5 Nf5 8. Qxd8+ Kxd8 9.Nc3 Be7 10.Rd1+ Ke8 11.Bg5 Bxg5 12.Nxg5 h6 13.Nf3 Be6 14.h3 a5 15.Kh2 h5 16.Ng5 Ke7 17.Ne2 h4 18.Nf4 Rhd8 19.Nfxe6 fxe6 20.Nf3 a4 21. a3 Ra5 22.Rxd8 Kxd8 23.c3 Kd7 24.Re1 Rb5 25.Re2 c5 26.g4 hxg3+ 27.fxg3 Rb3 28.g4 Nd4 29.Rd2 Ke7 30.cxd4 Rxf3 31.dxc5 g5 32.Rd4 1/2-1/2

[Event "60th Rubinstein Memorial"]
[Site "Polanica Zdroj POL"]
[Date "2024.08.19"]
[Round "3.1"]
[White "Duda, Jan-Krzysztof"]
[Black "Volokitin, Andrei"]
[WhiteElo "2733"]
[BlackElo "2667"]
[Result "1-0"]
[EventDate "2024.08.17"]
[PlyCount "113"]
1.e4 c5 2.Nf3 d6 3.d4 cxd4 4.Nxd4 Nf6 5.Nc3 a6 6.Bg5 e6 7.f4 Qb6 8.Nb3 Be7 9.Qd2 Nbd7 10.O-O-O Qc7 11.Bxf6 Nxf6 12.g4 g5 13.h4 gxf4 14.g5 Ng4 15.Qxf4 Ne5 16.Kb1 Bd7 17.Rh3 h6 18.gxh6 Bf8 19.a3 Rxh6 20.Be2 Rh7 21.h5 Bh6 22. Qh4 Qd8 23.Qg3 Rg7 24.Qf2 Bc6 25.Nd2 Qe7 26.Nc4 Nxc4 27.Bxc4 Rg5 28.Rf1 Rc8 29.Rf3 Rg7 30.Bb3 Rc7 31.Qd4 Rd7 32.Na4 Qg5 33.Nb6 Qe5 34.Qxe5 dxe5 35.Bxe6 Rc7 36.Bf5 Rg5 37.Rc3 Rxh5 38.Nd5 Bxd5 39.Rxc7 Bc6 40.Rd1 Kf8 41. Rd6 Bg5 42.Rcxc6 bxc6 43.Rxc6 a5 44.Rc5 Rh1+ 45.Ka2 Rh2 46.Kb3 Bd8 47.Ka4 Rd2 48.Rc6 Rd1 49.Rc8 Ke7 50.c4 Ra1 51.c5 Ra2 52.Kb3 Ra1 53.Kc2 Rf1 54.Ra8 Rf3 55.Ra7+ Kf6 56.Rd7 Be7 57.c6 1-0

[Event "60th Rubinstein Memorial"]
[Site "Polanica Zdroj POL"]
[Date "2024.08.19"]
[Round "3.2"]
[White "Navara, David"]
[Black "Shankland, Sam"]
[WhiteElo "2674"]
[BlackElo "2669"]
[Result "1/2-1/2"]
[EventDate "2024.08.17"]
[PlyCount "63"]
1.d4 Nf6 2.c4 g6 3.Nc3 d5 4.Nf3 Bg7 5.cxd5 Nxd5 6.e4 Nxc3 7.bxc3 c5 8.Be3 Qa5 9.Qd2 O-O 10.Rc1 Nd7 11.Bh6 Nf6 12.Bxg7 Kxg7 13.Bd3 Bg4 14.Ne5 Rad8 15.d5 Bc8 16.c4 Qxd2+ 17.Kxd2 e6 18.Rhe1 Ne8 19.f4 Nd6 20.Nf3 f5 21.exf5 Nxf5 22.dxe6 Ne7 23.g3 Rd6 24.Kc3 h6 25.Be4 b6 26.Rcd1 Rxd1 27.Rxd1 Bxe6 28.Rd6 Rf6 29.Rd8 Rf8 30.Rd6 Rf6 31.Rd8 Rf8 32.Rd6 1/2-1/2

[Event "60th Rubinstein Memorial"]
[Site "Polanica Zdroj POL"]
[Date "2024.08.19"]
[Round "3.4"]
[White "Wojtaszek, Radoslaw"]
[Black "Bartel, Mateusz"]
[WhiteElo "2680"]
[BlackElo "2630"]
[Result "1/2-1/2"]
[EventDate "2024.08.17"]
[PlyCount "35"]
1.d4 d5 2.c4 e6 3.Nf3 c6 4.Nbd2 Nf6 5.e3 b6 6.Bd3 Bb7 7.O-O Be7 8.b3 O-O 9.Bb2 a5 10.Rc1 Na6 11.Ne5 c5 12.cxd5 Qxd5 13.Ndf3 cxd4 14.Bc4 Qe4 15.Bd3 Qd5 16.Bc4 Qe4 17.Bd3 Qd5 18.Bc4 1/2-1/2

[Event "60th Rubinstein Memorial"]
[Site "Polanica Zdroj POL"]
[Date "2024.08.19"]
[Round "3.5"]
[White "Sarana, Alexey"]
[Black "Fedoseev, Vladimir"]
[WhiteElo "2717"]
[BlackElo "2687"]
[Result "1/2-1/2"]
[EventDate "2024.08.17"]
[PlyCount "116"]
1.d4 d5 2.c4 dxc4 3.e3 Nf6 4.Bxc4 e6 5.Nf3 c5 6.O-O a6 7.dxc5 Bxc5 8.Qxd8+ Kxd8 9.Be2 Ke7 10.Nc3 Rd8 11.Na4 Ba7 12.b3 Nbd7 13.Nd4 Ke8 14.Bb2 Nd5 15. Rfd1 N7f6 16.Rac1 Bd7 17.Nc5 Bxc5 18.Rxc5 Ne4 19.Rcc1 Rac8 20.Bc4 Nb4 21. a3 Na2 22.Ra1 b5 23.Bf1 Nac3 24.Rdc1 e5 25.Nf3 Be6 26.Nxe5 Bxb3 27.Nd3 Bc4 28.Bxc3 Bxd3 29.Ba5 Rxc1 30.Rxc1 Rd5 31.f3 Rc5 32.Rd1 Bxf1 33.Kxf1 Nc3 34. Rd8+ Ke7 35.Ra8 Nd5 36.e4 Rc1+ 37.Kf2 Rc2+ 38.Kg3 Ne3 39.Bb4+ Kf6 40.f4 Rc6 41.Re8 Nc2 42.Bd6 Kg6 43.f5+ Kh5 44.Bf8 g6 45.Re7 gxf5 46.Rxf7 Kg6 47. Rxf5 Rc4 48.Rf2 Nd4 49.Kf4 Rc2 50.Rxc2 Nxc2 51.Kf3 Nd4+ 52.Ke3 Nc6 53.Bd6 h5 54.h3 Kf6 55.Kf4 a5 56.g4 hxg4 57.hxg4 Ke6 58.Bc5 a4 1/2-1/2

[Event "60th Rubinstein Memorial"]
[Site "Polanica Zdroj POL"]
[Date "2024.08.20"]
[Round "4.2"]
[White "Volokitin, Andrei"]
[Black "Sarana, Alexey"]
[WhiteElo "2667"]
[BlackElo "2717"]
[Result "0-1"]
[EventDate "2024.08.17"]
[PlyCount "148"]
1.e4 c5 2.Nf3 d6 3.d4 cxd4 4.Nxd4 Nf6 5.Nc3 a6 6.Be3 e5 7.Nb3 Be6 8.f3 Nbd7 9.g4 h6 10.Qd2 b5 11.O-O-O Qc7 12.h4 Nb6 13.Kb1 Be7 14.Qf2 Rb8 15.Bd3 Na4 16.Ne2 d5 17.Ng3 dxe4 18.Bxe4 Nxe4 19.Nxe4 O-O 20.g5 h5 21.Nbc5 Nxc5 22.Bxc5 Rfc8 23.Bd6 Qa5 24.b3 Bxd6 25.Rxd6 Rd8 26.g6 Rxd6 27.gxf7+ Bxf7 28.Nxd6 Qc7 29.Nxf7 Qxf7 30.Re1 Rd8 31.Rxe5 Rd1+ 32.Kb2 Qf4 33.Qe3 Qxe3 34.Rxe3 Rd4 35.c4 bxc4 36.Kc3 Rxh4 37.bxc4 Rf4 38.c5 h4 39.Kd3 h3 40.c6 h2 41.c7 h1=Q 42.c8=Q+ Kh7 43.Qc2 Rf6 44.Kc3+ Kh6 45.Kb2 Qg1 46.Qc1 Qg5 47. Rc3 g6 48.Qh1+ Qh5 49.Qc1+ g5 50.Qe3 Qh2+ 51.Rc2 Qb8+ 52.Kc1 Qg3 53.Rc3 Qg2 54.Qe5 Qf1+ 55.Kd2 Qf2+ 56.Qe2 Qd4+ 57.Kc2 Rb6 58.Qh2+ Kg6 59.Qe2 Kh6 60.Qh2+ Qh4 61.Qe2 Qh3 62.Rc4 Qh1 63.Kd2 Qb1 64.Ke3 Rb2 65.Rc6+ Kh5 66. Qxa6 Qe1+ 67.Kd4 Rd2+ 68.Kc5 Qe5+ 69.Kb4 Qb2+ 70.Ka5 Rd5+ 71.Ka4 Rd4+ 72. Rc4 Qxa2+ 73.Kb4 Qxa6 74.Rxd4 Qb7+ 0-1

[Event "60th Rubinstein Memorial"]
[Site "Polanica Zdroj POL"]
[Date "2024.08.20"]
[Round "4.3"]
[White "Shankland, Sam"]
[Black "Duda, Jan-Krzysztof"]
[WhiteElo "2669"]
[BlackElo "2733"]
[Result "1/2-1/2"]
[EventDate "2024.08.17"]
[PlyCount "139"]
1.d4 d5 2.c4 c6 3.Nf3 Nf6 4.Nc3 e6 5.Qc2 Nbd7 6.cxd5 exd5 7.Bf4 Nh5 8.Bd2 Nb6 9.O-O-O Be7 10.e4 dxe4 11.Nxe4 Nd5 12.Ne5 Be6 13.Bc4 Nc7 14.Nc5 Bxc5 15.dxc5 Bxc4 16.Nxc4 O-O 17.Nd6 Ne6 18.Qf5 Nf6 19.Rhe1 Nd5 20.Rxe6 g6 21. Nxf7 Rxf7 22.Qg4 Qf8 23.Be1 Qh6+ 24.Bd2 Qxh2 25.f3 Raf8 26.Rde1 Nf4 27. Bxf4 Rxf4 28.Qg5 R4f5 29.Qg4 Qf4+ 30.Qxf4 Rxc5+ 31.Kd2 Rxf4 32.Re8+ Kg7 33.R1e7+ Rf7 34.Rxf7+ Kxf7 35.Rb8 Rd5+ 36.Ke3 Rb5 37.b3 h5 38.f4 a5 39.Kf3 Rb4 40.g3 Ke6 41.Rg8 Kf6 42.Rf8+ Kg7 43.Rb8 Kf7 44.Ke3 g5 45.fxg5 Ke6 46. Rh8 a4 47.bxa4 Rxa4 48.Rh7 b5 49.Rh6+ Kf5 50.g6 Ra3+ 51.Kd4 Kf6 52.g7+ Kxg7 53.Rxc6 Rxg3 54.Rc5 h4 55.Rxb5 h3 56.Rh5 Kg6 57.Rh8 Kf5 58.a4 Kg4 59. Kc5 Rf3 60.a5 Rf5+ 61.Kb6 Rh5 62.Rg8+ Rg5 63.Rh8 Rh5 64.Rg8+ Kf3 65.Rg1 h2 66.Rh1 Kg2 67.Rxh2+ Rxh2 68.a6 Rh6+ 69.Kb7 Rxa6 70.Kxa6 1/2-1/2

[Event "60th Rubinstein Memorial"]
[Site "Polanica Zdroj POL"]
[Date "2024.08.20"]
[Round "4.4"]
[White "Bartel, Mateusz"]
[Black "Navara, David"]
[WhiteElo "2630"]
[BlackElo "2674"]
[Result "1/2-1/2"]
[EventDate "2024.08.17"]
[PlyCount "85"]
1.e4 c5 2.Nc3 Nc6 3.Nf3 g6 4.Bb5 Bg7 5.O-O Nd4 6.Bc4 Nf6 7.Nxd4 cxd4 8.Nd5 Nxd5 9.Bxd5 O-O 10.d3 e6 11.Bb3 a5 12.a4 f5 13.f3 Qc7 14.Bg5 h6 15.Bd2 b6 16.Qe1 fxe4 17.fxe4 Rxf1+ 18.Qxf1 Ba6 19.Bf4 Qc5 20.Qf3 g5 21.Bd2 Rf8 22. Qh5 Qe5 23.Qg6 Qf6 24.Qxf6 Bxf6 25.Rf1 Be5 26.Rxf8+ Kxf8 27.Kf2 Kf7 28.h3 Kf6 29.Kf3 Bb7 30.Bc4 h5 31.b4 axb4 32.Bxb4 d5 33.exd5 exd5 34.Bb5 Bc8 35. g4 hxg4+ 36.hxg4 Bf4 37.a5 bxa5 38.Bxa5 Ke7 39.Bb6 Be5 40.Bc5+ Kf7 41.Bb6 Ke7 42.Bc5+ Kf7 43.Bb6 1/2-1/2

[Event "60th Rubinstein Memorial"]
[Site "Polanica Zdroj POL"]
[Date "2024.08.20"]
[Round "4.5"]
[White "Harikrishna, Pentala"]
[Black "Wojtaszek, Radoslaw"]
[WhiteElo "2692"]
[BlackElo "2680"]
[Result "1/2-1/2"]
[EventDate "2024.08.17"]
[PlyCount "101"]
1.e4 e5 2.Nf3 Nc6 3.Bb5 a6 4.Ba4 Nf6 5.O-O Be7 6.d3 b5 7.Bb3 d6 8.c3 O-O 9.Bc2 Re8 10.Re1 h6 11.Nbd2 d5 12.a4 Rb8 13.axb5 axb5 14.exd5 Qxd5 15.Ne4 Nxe4 16.dxe4 Qxd1 17.Rxd1 Bd6 18.b4 Nd8 19.Be3 Ne6 20.Ra5 Nf4 21.Bxf4 exf4 22.h3 Be6 23.Bd3 c5 24.Bxb5 Red8 25.bxc5 Bxc5 26.Rxd8+ Rxd8 27.Be2 Bb6 28. Rb5 Ba7 29.Rb2 Rb8 30.Rxb8+ Bxb8 31.Kf1 Kf8 32.Nd4 Ba7 33.Bb5 Bb6 34.Ke2 Ke7 35.Kd3 f3 36.Nxf3 Bxf2 37.Nd4 Bc8 38.Bc4 f6 39.Bd5 Kd6 40.c4 Ke5 41. Nc6+ Kd6 42.Ke2 Bb6 43.Kf3 Bd7 44.Nb4 h5 45.Bf7 h4 46.Nd5 Ba7 47.Bg6 Be6 48.Bf5 Bxd5 49.exd5 g5 50.Ke4 Bc5 51.Bg4 1/2-1/2

[Event "60th Rubinstein Memorial"]
[Site "Polanica Zdroj POL"]
[Date "2024.08.21"]
[Round "5.2"]
[White "Duda, Jan-Krzysztof"]
[Black "Bartel, Mateusz"]
[WhiteElo "2733"]
[BlackElo "2630"]
[Result "1/2-1/2"]
[EventDate "2024.08.17"]
[PlyCount "119"]
1.Nf3 d5 2.c4 e6 3.g3 dxc4 4.Qa4+ Nd7 5.Bg2 a6 6.Qxc4 b5 7.Qc2 Bb7 8.O-O Ngf6 9.Nc3 c5 10.a4 b4 11.Nd1 c4 12.Ne3 Rc8 13.Nxc4 Bxf3 14.exf3 Ne5 15.d3 Be7 16.f4 Nc6 17.Be3 Nd5 18.f5 O-O 19.fxe6 fxe6 20.Qe2 Bf6 21.Rae1 Nxe3 22.fxe3 Na5 23.Nxa5 Qxa5 24.Qg4 Qxa4 25.Qxe6+ Kh8 26.Be4 Qe8 27.Qxe8 Rfxe8 28.Re2 a5 29.Ra1 Re5 30.Kf2 Be7 31.Bf3 Rf8 32.Kg2 Bg5 33.Be4 h5 34.h4 Be7 35.Rf2 Rxf2+ 36.Kxf2 g5 37.Kf3 g4+ 38.Kf2 b3 39.Bg6 Bb4 40.d4 Rb5 41.Rc1 a4 42.Rc6 a3 43.bxa3 Bxa3 44.Bb1 b2 45.Ke2 Kg7 46.Rc3 Bd6 47.e4 Ra5 48.Rb3 Ra1 49.Rb7+ Kf8 50.Rxb2 Bxg3 51.e5 Bxh4 52.d5 g3 53.Kf3 Ra3+ 54.Kf4 Rb3 55.Rxb3 g2 56.Rb8+ Kg7 57.Rb7+ Kf8 58.Rb8+ Kg7 59.Rb7+ Kf8 60.Rb8+ 1/2-1/2

[Event "60th Rubinstein Memorial"]
[Site "Polanica Zdroj POL"]
[Date "2024.08.21"]
[Round "5.3"]
[White "Sarana, Alexey"]
[Black "Shankland, Sam"]
[WhiteElo "2717"]
[BlackElo "2669"]
[Result "1/2-1/2"]
[EventDate "2024.08.17"]
[PlyCount "98"]
1.d4 Nf6 2.c4 g6 3.Nc3 d5 4.Bf4 Bg7 5.e3 c5 6.dxc5 Qa5 7.Qa4+ Qxa4 8.Nxa4 Be6 9.Nf3 O-O 10.Nd4 Bd7 11.Nc3 dxc4 12.Bxc4 Rc8 13.Nb3 a5 14.Bxb8 Raxb8 15.a4 Bc6 16.f3 Nd7 17.Ke2 b6 18.Rhb1 Bb7 19.Ra3 Nxc5 20.Nxc5 Rxc5 21.Bd3 Rd8 22.Rb3 Rg5 23.Rg1 Bxf3+ 24.Kxf3 Rxd3 25.Rd1 Rxd1 26.Nxd1 Rd5 27.Nf2 Rd6 28.Rb5 f5 29.g4 e6 30.h4 Kf7 31.h5 gxh5 32.gxf5 exf5 33.Rxf5+ Rf6 34. Rxf6+ Bxf6 35.Nd3 Be7 36.e4 Kf6 37.Kf4 Bc5 38.b3 Ba3 39.Kf3 Kg5 40.Ne5 Be7 41.Nc4 Bd8 42.Ne3 Be7 43.Nc4 Bc5 44.Kg3 Bd4 45.e5 Bc5 46.Kh3 Kg6 47.Kg3 Kg5 48.Kh3 h4 49.Kg2 Kg4 1/2-1/2

[Event "60th Rubinstein Memorial"]
[Site "Polanica Zdroj POL"]
[Date "2024.08.21"]
[Round "5.4"]
[White "Navara, David"]
[Black "Harikrishna, Pentala"]
[WhiteElo "2674"]
[BlackElo "2692"]
[Result "1/2-1/2"]
[EventDate "2024.08.17"]
[PlyCount "63"]
1.d4 Nf6 2.c4 e6 3.Nc3 Bb4 4.Nf3 b6 5.e3 c5 6.Bd3 d5 7.O-O O-O 8.dxc5 bxc5 9.Na4 Nbd7 10.Qc2 Bb7 11.Rd1 Qe7 12.cxd5 exd5 13.a3 Ba5 14.b4 cxb4 15.Bd2 Rab8 16.Rdb1 Rfc8 17.Qd1 Ba8 18.Qe1 Bc7 19.Bxb4 Qe8 20.Ba6 Bb7 21.Bb5 Ba8 22.Ba6 Bb7 23.Bb5 Ba8 24.Qe2 Rxb5 25.Qxb5 Bc6 26.Qa6 Nb8 27.Qxa7 Bxa4 28. Rc1 Bc6 29.Ba5 Bd6 30.Bb4 Bc7 31.Ba5 Bd6 32.Bb4 1/2-1/2

[Event "60th Rubinstein Memorial"]
[Site "Polanica Zdroj POL"]
[Date "2024.08.21"]
[Round "5.5"]
[White "Fedoseev, Vladimir"]
[Black "Volokitin, Andrei"]
[WhiteElo "2687"]
[BlackElo "2667"]
[Result "1-0"]
[EventDate "2024.08.17"]
[PlyCount "73"]
1.d4 Nf6 2.Bf4 d5 3.e3 c5 4.Nf3 Nc6 5.Nbd2 Qb6 6.dxc5 Qxb2 7.Rb1 Qc3 8.Bb5 g6 9.O-O Bg7 10.Nd4 Bd7 11.N2b3 O-O 12.Ne2 Qb4 13.a4 a6 14.c3 Qa3 15.Bxc6 bxc6 16.Ra1 Qb2 17.e4 Rab8 18.Bxb8 Rxb8 19.Nd2 Rd8 20.exd5 Nxd5 21.Rb1 Qa2 22.c4 Nc7 23.Nc1 Qa3 24.Rb7 Ne6 25.Nb1 Bc8 26.Nxa3 Rxd1 27.Rxd1 Bxb7 28. Nb3 Bc8 29.Nc2 f5 30.Nb4 Kf7 31.Nxc6 Ke8 32.Na7 Bb7 33.c6 Ba8 34.Nc5 Nxc5 35.c7 Bb7 36.Rd8+ Kf7 37.Rb8 1-0

[Event "60th Rubinstein Memorial"]
[Site "Polanica Zdroj POL"]
[Date "2024.08.22"]
[Round "6.2"]
[White "Bartel, Mateusz"]
[Black "Sarana, Alexey"]
[WhiteElo "2630"]
[BlackElo "2717"]
[Result "1/2-1/2"]
[EventDate "2024.08.17"]
[PlyCount "92"]
1.e4 c5 2.Nf3 d6 3.d4 cxd4 4.Nxd4 Nf6 5.Nc3 a6 6.Nb3 e6 7.Be3 b5 8.e5 dxe5 9.Qf3 Nd5 10.O-O-O Bb7 11.Bd3 Qf6 12.Qg3 Nxe3 13.fxe3 Be7 14.Na5 b4 15.Ne4 Bxe4 16.Bxe4 Ra7 17.Nc6 Nxc6 18.Bxc6+ Kf8 19.h4 g5 20.h5 g4 21.Qxg4 Qg5 22.Qf3 h6 23.Kb1 Bc5 24.Rd3 Rg8 25.c3 a5 26.Rc1 Be7 27.Rf1 Rg7 28.Be8 Qf5 29.Qxf5 exf5 30.Bb5 bxc3 31.Rxc3 Rg5 32.Rc2 Rxh5 33.Rcf2 f4 34.exf4 exf4 35.Bc4 Bd6 36.Rd2 Be5 37.Rd5 Rg5 38.Rf2 Kg7 39.a3 Kf6 40.Rb5 Rg3 41.Bd5 Re3 42.Rc2 h5 43.Rc6+ Kf5 44.Bf3 Kg5 45.Rcc5 f6 46.Rc8 h4 1/2-1/2

[Event "60th Rubinstein Memorial"]
[Site "Polanica Zdroj POL"]
[Date "2024.08.22"]
[Round "6.3"]
[White "Harikrishna, Pentala"]
[Black "Duda, Jan-Krzysztof"]
[WhiteElo "2692"]
[BlackElo "2733"]
[Result "1/2-1/2"]
[EventDate "2024.08.17"]
[PlyCount "105"]
1.e4 e5 2.Nf3 Nc6 3.Bb5 a6 4.Ba4 Nf6 5.O-O b5 6.Bb3 Bc5 7.a4 Rb8 8.d3 d6 9.axb5 axb5 10.Be3 Bxe3 11.fxe3 O-O 12.Nbd2 Nb4 13.Qe1 Be6 14.Rc1 Bxb3 15. Nxb3 c5 16.h3 Ra8 17.Rf2 Qe7 18.Rb1 Ra4 19.Nc1 Rfa8 20.c3 Nc6 21.Nd2 h6 22.Ne2 g6 23.Ng3 Kg7 24.Qd1 Qe6 25.Kh2 R8a7 26.Qf1 Ra2 27.Qd1 Ra8 28.Qe1 R8a6 29.Qf1 Ra7 30.Qe1 Rc7 31.Qe2 Ne7 32.Nf3 Rca7 33.Qf1 Neg8 34.Nd2 R2a4 35.Qd1 Qe8 36.Nf3 Qa8 37.Rf1 R7a6 38.Nd2 Qc6 39.Rf2 Qe8 40.Rf1 Qa8 41.Qb3 Qe8 42.c4 Rb4 43.Qc3 Qe7 44.cxb5 Rxb5 45.Nc4 Nd7 46.Rf3 h5 47.Rbf1 Nh6 48. Qe1 Rb8 49.Ne2 Nb6 50.Nd2 Na8 51.Nc4 Nb6 52.Nd2 Na8 53.Nc4 1/2-1/2

[Event "60th Rubinstein Memorial"]
[Site "Polanica Zdroj POL"]
[Date "2024.08.22"]
[Round "6.4"]
[White "Wojtaszek, Radoslaw"]
[Black "Navara, David"]
[WhiteElo "2680"]
[BlackElo "2674"]
[Result "1/2-1/2"]
[EventDate "2024.08.17"]
[PlyCount "63"]
1.Nf3 d5 2.d4 Nf6 3.c4 e6 4.Nc3 Bb4 5.Bg5 h6 6.Bxf6 Qxf6 7.e3 O-O 8.Rc1 dxc4 9.Bxc4 c5 10.Qb3 Nc6 11.dxc5 Qe7 12.O-O Bxc5 13.Bd3 Bd7 14.Bb1 Rfd8 15.Qc2 g6 16.Nd5 exd5 17.Qxc5 Qxc5 18.Rxc5 Bg4 19.Nd2 Rac8 20.Rfc1 Ne5 21. Rxc8 Rxc8 22.Rxc8+ Bxc8 23.Kf1 b6 24.Ke1 Ba6 25.Bc2 Kf8 26.Nf3 Nxf3+ 27. gxf3 Ke7 28.Kd2 g5 29.Kc3 Be2 30.f4 gxf4 31.exf4 Kd6 32.Kd4 1/2-1/2

[Event "60th Rubinstein Memorial"]
[Site "Polanica Zdroj POL"]
[Date "2024.08.22"]
[Round "6.5"]
[White "Shankland, Sam"]
[Black "Fedoseev, Vladimir"]
[WhiteElo "2669"]
[BlackElo "2687"]
[Result "1/2-1/2"]
[EventDate "2024.08.17"]
[PlyCount "162"]
1.d4 d5 2.c4 dxc4 3.Nf3 Nf6 4.e3 e6 5.Bxc4 c5 6.O-O a6 7.Re1 b5 8.Bf1 cxd4 9.Nxd4 Be7 10.a4 bxa4 11.Qxa4+ Bd7 12.Qc2 O-O 13.Na3 e5 14.Nf3 Nc6 15.Rd1 Qe8 16.Nc4 e4 17.Nd4 Nxd4 18.exd4 Qb8 19.Ne5 Bb5 20.Bg5 h6 21.Bxf6 Bxf6 22.Qxe4 Re8 23.Qxa8 Qxa8 24.Bxb5 Rd8 25.Bc4 Bxe5 26.dxe5 Rxd1+ 27.Rxd1 Qc8 28.b3 a5 29.Rd4 g5 30.h4 Qf5 31.hxg5 hxg5 32.Rd5 Qe4 33.e6 fxe6 34.Rxg5+ Kf7 35.Bf1 e5 36.Rg3 Qb1 37.Re3 Kf6 38.g3 Qd1 39.Rd3 Qe1 40.Rf3+ Ke6 41. Kg2 Qe4 42.Bd3 Qb7 43.Bf5+ Ke7 44.g4 Qd5 45.Kg3 Qd1 46.Be4 Qg1+ 47.Kh4 Qe1 48.Ba8 Qh1+ 49.Kg5 Qh7 50.Bd5 Kd6 51.Bf7 Qe4 52.Rf5 Ke7 53.f3 Qd4 54.Kh5 e4 55.fxe4 Qxe4 56.Bd5 Qd3 57.Bc4 Qh3+ 58.Kg5 Qe3+ 59.Kg6 a4 60.bxa4 Qe4 61.Bb5 Qxg4+ 62.Rg5 Qe4+ 63.Kg7 Qf4 64.Rg6 Qd4+ 65.Kg8 Qd5+ 66.Kg7 Qh5 67. Bc6 Qe5+ 68.Kg8 Qb8+ 69.Kg7 Qf8+ 70.Kh7 Qf5 71.Kg7 Qc5 72.Bb5 Qf2 73.Bc6 Qd4+ 74.Kg8 Qc4+ 75.Kg7 Qf7+ 76.Kh6 Qf4+ 77.Kg7 Qf7+ 78.Kh6 Kf8 79.Bb5 Qf4+ 80.Kh5 Kf7 81.Rc6 Qf5+ 1/2-1/2

[Event "60th Rubinstein Memorial"]
[Site "Polanica Zdroj POL"]
[Date "2024.08.23"]
[Round "7.1"]
[White "Duda, Jan-Krzysztof"]
[Black "Wojtaszek, Radoslaw"]
[WhiteElo "2733"]
[BlackElo "2680"]
[Result "1/2-1/2"]
[EventDate "2024.08.17"]
[PlyCount "86"]
1.e4 e5 2.Nf3 Nc6 3.g3 Nf6 4.d3 d5 5.exd5 Nxd5 6.Bg2 Bd6 7.O-O O-O 8.Re1 Bf5 9.a3 a5 10.h3 Re8 11.Nc3 Nxc3 12.bxc3 h6 13.Rb1 Rb8 14.Nh4 Be6 15.Qh5 Qd7 16.g4 Bf8 17.Nf5 Qd8 18.Rb5 g6 19.Nxh6+ Kg7 20.Qg5 Qxg5 21.Bxg5 Kh7 22.Reb1 Ne7 23.Nxf7 Bxf7 24.Rxa5 b6 25.Rxe5 Nd5 26.Rxe8 Rxe8 27.Bd2 Bxa3 28.c4 Nf6 29.Bc3 Nd7 30.Bc6 Re7 31.Ra1 Bd6 32.Kg2 g5 33.Ra8 Re8 34.Ra7 Re7 35.Ra8 Re8 36.Ra1 Re7 37.h4 gxh4 38.Rh1 Ne5 39.Be4+ Bg6 40.Rxh4+ Kg8 41. Bd5+ Bf7 42.Be4 Bg6 43.Bd5+ Bf7 1/2-1/2